000 01109nam a2200265Ia 4500
001 203-DIZ ca (1023)
003 IT-MiSPE
008 171229s9999||||xx |||||||||||||| ||und||
040 _aIT-MiSPE
_cIT-MiSPE
041 _aITALIANO
100 _aWendelin Rauch
240 _aLexikon des katolischen Lebens
245 0 _aDizionario del cattolicesimo nel mondo moderno
250 _a1a ed. (v)
260 _aAlba (CN)
_bEd. Paoline
_c(st.) 1964
300 _aXXIII, 803 p.
_c26 cm
500 _aCattolicesimo - Dizionari
501 _aEdizioni San Paolo srl - Piazza Soncino, 5 - 20092 CINISELLO BALSAMO (MI) (non commercial uses only) ® Copyright 2018
520 _aPiero Rossano (ed. it.)
700 _aJakob Hommes
700 _aPiero Rossano
942 _cBK
957 _71
999 _a6751
_bNO
_g Copie: 1
_c337450
_d337450